Nimeä kaikki Suomessa tavatut Phylloscopus-suvun linnut - Statistics

Yleistilastot
  • Tätä visaa on pelattu 22 kertaa
  • Keskiarvotulos 10 / 17
Vastaustilastot
Tieteellinen nimi 3+3 Vastaus % Oikein
Phylus Pajulintu
94%
Phycol Tiltaltti
94%
Physib Sirittäjä
82%
Phypro Hippiäisuunilintu
71%
Phydes Idänuunilintu
65%
Phybor Lapinuunilintu
65%
Phyino Taigauunilintu
65%
Phybon Vuoriuunilintu
65%
Phyori Balkaninuunilintu
59%
Phyhum Kashmirinuunilintu
59%
Physch Siperianuunilintu
59%
Phyibe Iberiantiltaltti
53%
Phyfus Ruskouunilintu
53%
Phycor Amurinuunilintu
47%
Phyexa Kamtšatkanuunilintu
47%
Phynit Kaukasianuunilintu
35%
Phyplu Burjatianuunilintu
29%
Ehtoja vastaavia visoja ei löytynyt
Tulosjakauma
Jokaisen tuloksen saaneiden osuus
Persentiili vastausten määrän mukaan
Tuloshistoriasi
Et ole pelannut tätä visaa